Best Universities in the United States - Statistics

General Stats
  • This quiz has been taken 551 times
  • The average score is 12 of 15
Answer Stats
State Answer % Correct
MA Harvard
99%
CT Yale
94%
NJ Princeton
93%
CA Stanford
86%
RI Brown
84%
MA Massachusetts Institute of Technology
82%
IL University of Chicago
81%
NC Duke
79%
NY Columbia
78%
PA University of Pennsylvania
78%
NY Cornell
71%
NH Dartmouth
71%
IL Northwestern University
63%
MD Johns Hopkins
62%
CA California Institute of Technology
57%
No matching quizzes found
Score Distribution
Percent of People with Each Score
Percentile by Number Answered
Your Score History
You have not taken this quiz